01498nam a2200373Ic 450000100060000000300100000600500170001600700030003300800410003602000180007704000350009504100080013008200200013810000350015824501650019325000220035826400580038030000350043833600270047333700330050033800280053350400460056152100380060754500600064565000460070565000400075165000420079165000500083370000410088370000400092494200120096499900170097695201310099358110CO-BoRNBP20250815215043.0ta210825s20082016ag a er 000 0dspa u a9789871305261 aCO-BoRNBPbspaerdacCO-BoRNBP aspa04a027.4bJ17b222 aJaramillo, Orlandaeaut96245413aLa biblioteca pública :bsu gestión en el contexto de la sociedad de la información /cOrlanda Jaramillo, Mónica Montoya Ríos, Alejandro Uribe Tirado. aPrimera edición 1aBuenos Aires, Argentina :bAlfagrama ediciones,c2016 a188 páginas :bilustraciones atextobtxt2rdacontent asin mediaciónbn2rdamedia avolumenbnc2rdacarrier aIncluye bibliografía al final del texto aRecomendado para público adulto aIncluye datos biográficos de los autores en la solapa07aAdministracion de Bibliotecas2LEMB9191207aBibliotecas y usuarios2LEMB96244907aServicios bibliotecarios2LEMB96245507aTecnología de la información2LEMB912744 aMontoya Ríos, Mónicaeaut962456 aUribe Tirado, Alejandroeaut962457 2ddccBK c58110d58110 00102ddc40708GENaMEMAPJGAbMEMAPJGAcGENd2025-08-15l0o027.4 J17bpMPJG00531r2025-08-15 21:51:10tEj.1w2025-08-15yBK